| 000 | 00651nam a22002057a 4500 | ||
|---|---|---|---|
| 003 | OSt | ||
| 005 | 20140310182800.0 | ||
| 008 | 130213t xxu||||| |||| 00| 0 eng d | ||
| 020 | _a9781444334869 (pbk.:alk. paper) | ||
| 050 |
_aB 105 _b.Sch348 2010 |
||
| 082 |
_aM 796.52201 _2S348 2010 |
||
| 245 |
_aClimbing : _bphilosophy for everyone because it's there _cSchmid, Stephen E. ; foreword by Florine, Hans |
||
| 260 |
_aWest Sussex, United Kingdom : _bJohn Wiley & Sons, _cc2010. |
||
| 300 |
_axii, 242 p. : _c23 cm. _bill. ; |
||
| 521 | _aCollege Students | ||
| 526 | _c1210L-1700L | ||
| 541 | _j1 | ||
| 562 | _e1 | ||
| 942 |
_2lcc _cBK _kM |
||
| 999 |
_c15958 _d15958 |
||